| 000 | 01309nam a2200313 a 4500 | ||
|---|---|---|---|
| 001 | ebr10531014 | ||
| 003 | CaPaEBR | ||
| 006 | m u | ||
| 007 | cr cn||||||||| | ||
| 008 | 120221s2011 sz a sb 000 0 eng d | ||
| 020 | _z9789221245414 (print) | ||
| 040 |
_aCaPaEBR _cCaPaEBR |
||
| 035 | _a(OCoLC)785779469 | ||
| 050 | 1 | 4 |
_aRC773 _b.G85 2011eb |
| 245 | 0 | 0 |
_aGuidelines for the use of the ILO international classification of radiographs of pneumoconioses _h[electronic resource]. |
| 250 | _aRev. ed. | ||
| 260 |
_aGeneva : _bInternational Labour Office, _c2011. |
||
| 300 |
_axi, 48 p. : _bill. |
||
| 490 | 1 |
_aOccupational safety and health series ; _vno. 22 |
|
| 504 | _aIncludes bibliographical references. | ||
| 533 |
_aElectronic reproduction. _bPalo Alto, Calif. : _cebrary, _d2011. _nAvailable via World Wide Web. _nAccess may be limited to ebrary affiliated libraries. |
||
| 650 | 0 |
_aLungs _xDust diseases _vClassification. |
|
| 650 | 0 |
_aLungs _xRadiography _vClassification. |
|
| 655 | 7 |
_aElectronic books. _2local |
|
| 710 | 2 | _aInternational Labour Office. | |
| 710 | 2 | _aebrary, Inc. | |
| 830 | 0 |
_aOccupational safety and health series ; _v22. |
|
| 856 | 4 | 0 |
_uhttp://site.ebrary.com/lib/rucke/Doc?id=10531014 _zAn electronic book accessible through the World Wide Web; click to view |
| 999 |
_c234093 _d234093 |
||